Datum a čas kvízu

25.5 Celkem bodů Celkový počet nahraných bodů na tomto kvízu bez doplňovacích otázek.
6. Pořadí na kvízu Konečné umístění týmu na tomto kvízu.

Zaznamenané odpovědi

# Otázka Odpověď Body Výsledky
1. V pondělí proběhla na Příbrams... v kufru dědečkova auta / v autě 1
2. Ve které evropské zemi došlo v... v Německu 1
3. Ve Vatikánu se po 491 letech u... Karel III. 0
4. Na Islandu byl zaznamenán prvn... komár 1
5. Která česká sportovkyně a olym... Petra Kvitová 0
6. Dnešní zeměpisné téma otevírám... Golčův Jeníkov, Gmünd 0.5
7. Které z následujících tvrzení... C 1
8. V další otázce bude vaším úkol... 1D 2B 3C 4A 0
9. Napište název města obsahující... Nagasaki 1
10. V této koláži jsou spojené vla... Gruzie, Guatemala 1